[Event "45th FIDE Chess Olympiad Open"]
[Site "Budapest, Hungary"]
[Date "2024.09.22"]
[Round "11"]
[White "Brookfield, Toby"]
[Black "Mahendra Gurung"]
[Result "0-1"]
[Board "306"]
[WhiteFideId "10700234"]
[BlackFideId "17501300"]
[WhiteTitle "CM"]
[WhiteElo "1872"]
[BlackElo "1725"]
[WhiteTeam "Guernsey"]
[BlackTeam "Bhutan"]
[WhiteClock "0:06:16"]
[BlackClock "1:10:18"]
[Variant "Standard"]

1. f4 {[%clk 1:30:47]}  e6 {[%clk 1:30:19]} 2. Nf3 {[%clk 1:31:05]}  Nc6 {[%clk 1:30:31]} 3. e3 {[%clk 1:30:55]}  Nf6 {[%clk 1:30:30]} 4. Be2 {[%clk 1:31:00]}  d5 {[%clk 1:30:38]} 5. d3 {[%clk 1:31:22]}  Bd6 {[%clk 1:29:51]} 6. O-O {[%clk 1:31:38]}  O-O {[%clk 1:30:07]} 7. Nc3 {[%clk 1:29:49]}  a6 {[%clk 1:28:37]} 8. e4 {[%clk 1:29:13]}  dxe4 {[%clk 1:28:42]} 9. dxe4 {[%clk 1:29:27]}  Bc5+ {[%clk 1:25:48]} 10. Kh1 {[%clk 1:28:04]}  Qxd1 {[%clk 1:24:47]} 11. Rxd1 {[%clk 1:27:56]}  Ng4 {[%clk 1:24:59]} 12. Rf1 {[%clk 1:22:55]}  Nf2+ {[%clk 1:24:55]} 13. Rxf2 {[%clk 1:23:03]}  Bxf2 {[%clk 1:25:12]} 14. e5 {[%clk 1:23:11]}  b5 {[%clk 1:24:33]} 15. a4 {[%clk 1:21:17]}  b4 {[%clk 1:24:18]} 16. Ne4 {[%clk 1:21:27]}  Bb6 {[%clk 1:24:25]} 17. Bd3 {[%clk 1:21:02]}  Bb7 {[%clk 1:24:34]} 18. c3 {[%clk 1:18:15]}  a5 {[%clk 1:24:33]} 19. Bd2 {[%clk 1:16:32]}  Rfd8 {[%clk 1:24:13]} 20. Bc2 {[%clk 1:16:46]}  Rd7 {[%clk 1:23:43]} 21. Re1 {[%clk 1:16:36]}  Rad8 {[%clk 1:23:41]} 22. Bc1 {[%clk 1:12:45]}  Ne7 {[%clk 1:23:46]} 23. h3 {[%clk 1:05:54]}  Nf5 {[%clk 1:21:41]} 24. Kh2 {[%clk 1:06:09]}  Bxe4 {[%clk 1:20:02]} 25. Bxe4 {[%clk 1:02:57]}  Bf2 {[%clk 1:20:07]} 26. Rf1 {[%clk 1:00:19]}  Bg3+ {[%clk 1:20:22]} 27. Kg1 {[%clk 1:00:41]}  Rd1 {[%clk 1:20:38]} 28. Bc2 {[%clk 0:59:12]}  Rxf1+ {[%clk 1:18:29]} 29. Kxf1 {[%clk 0:59:39]}  bxc3 {[%clk 1:18:43]} 30. bxc3 {[%clk 0:58:51]}  Ne7 {[%clk 1:18:29]} 31. Ng5 {[%clk 0:55:44]}  h6 {[%clk 1:17:49]} 32. Ne4 {[%clk 0:55:52]}  Nf5 {[%clk 1:17:39]} 33. Nxg3 {[%clk 0:56:11]}  Nxg3+ {[%clk 1:17:51]} 34. Kf2 {[%clk 0:54:13]}  Nf5 {[%clk 1:18:04]} 35. Kf3 {[%clk 0:50:12]}  Ne7 {[%clk 1:17:08]} 36. Be3 {[%clk 0:48:05]}  h5 {[%clk 1:16:31]} 37. g4 {[%clk 0:41:52]}  hxg4+ {[%clk 1:16:45]} 38. hxg4 {[%clk 0:42:02]}  g6 {[%clk 1:16:51]} 39. Kg3 {[%clk 0:25:02]}  Nd5 {[%clk 1:12:15]} 40. Bd4 {[%clk 0:24:52]}  Rb8 {[%clk 1:11:51]} 41. f5 {[%clk 0:17:50]}  gxf5 {[%clk 1:11:38]} 42. gxf5 {[%clk 0:17:20]}  exf5 {[%clk 1:11:54]} 43. Bxf5 {[%clk 0:10:26]}  Nxc3 {[%clk 1:12:07]} 44. e6 {[%clk 0:09:50]}  Nxa4 {[%clk 1:11:23]} 45. e7 {[%clk 0:09:21]}  Re8 {[%clk 1:10:13]} 46. Bc2 {[%clk 0:06:16]}  Rxe7 {[%clk 1:10:18]} 0-1

[Event "45th FIDE Chess Olympiad Open"]
[Site "Budapest, Hungary"]
[Date "2024.09.22"]
[Round "11"]
[White "Suk Raj Monger"]
[Black "Owen, Garth I"]
[Result "1-0"]
[Board "307"]
[WhiteFideId "17500680"]
[BlackFideId "10700382"]
[WhiteElo "1821"]
[BlackElo "1810"]
[WhiteTeam "Bhutan"]
[BlackTeam "Guernsey"]
[WhiteClock "0:23:27"]
[BlackClock "0:31:54"]
[Variant "Standard"]

1. e4 {[%clk 1:30:50]}  c5 {[%clk 1:30:57]} 2. c3 {[%clk 1:31:11]}  Nf6 {[%clk 1:31:17]} 3. e5 {[%clk 1:31:38]}  Nd5 {[%clk 1:31:43]} 4. d4 {[%clk 1:32:05]}  cxd4 {[%clk 1:31:41]} 5. Nf3 {[%clk 1:32:27]}  e6 {[%clk 1:31:23]} 6. cxd4 {[%clk 1:32:15]}  d6 {[%clk 1:30:35]} 7. Bc4 {[%clk 1:31:44]}  Nc6 {[%clk 1:29:03]} 8. O-O {[%clk 1:29:44]}  Be7 {[%clk 1:24:25]} 9. Nc3 {[%clk 1:28:05]}  dxe5 {[%clk 1:12:51]} 10. Bxd5 {[%clk 1:20:52]}  exd5 {[%clk 1:13:07]} 11. dxe5 {[%clk 1:21:17]}  Be6 {[%clk 1:13:03]} 12. Qd3 {[%clk 1:17:12]}  Bb4 {[%clk 1:05:58]} 13. Bg5 {[%clk 1:14:21]}  Nxe5 {[%clk 1:02:07]} 14. Qb5+ {[%clk 1:12:49]}  Bd7 {[%clk 1:01:01]} 15. Qe2 {[%clk 0:54:38]}  f6 {[%clk 0:47:19]} 16. Nxe5 {[%clk 0:47:20]}  O-O {[%clk 0:46:38]} 17. Nxd7 {[%clk 0:43:35]}  Re8 {[%clk 0:43:57]} 18. Qb5 {[%clk 0:43:13]}  fxg5 {[%clk 0:42:20]} 19. Qxd5+ {[%clk 0:40:48]}  Kh8 {[%clk 0:42:26]} 20. Rad1 {[%clk 0:40:57]}  Qc7 {[%clk 0:40:57]} 21. Rd4 {[%clk 0:31:34]}  Rad8 {[%clk 0:39:04]} 22. Rxb4 {[%clk 0:28:22]}  Rxd7 {[%clk 0:38:24]} 23. Qxg5 {[%clk 0:27:27]}  Re5 {[%clk 0:38:14]} 24. Re4 {[%clk 0:24:39]}  Rxe4 {[%clk 0:33:24]} 25. Nxe4 {[%clk 0:24:50]}  Qc2 {[%clk 0:32:53]} 26. Qe5 {[%clk 0:23:43]}  Rd8 {[%clk 0:32:40]} 27. Qe7 {[%clk 0:23:03]}  Qc8 {[%clk 0:31:54]} 28. Nd6 {[%clk 0:23:27]} 1-0

[Event "45th FIDE Chess Olympiad Open"]
[Site "Budapest, Hungary"]
[Date "2024.09.22"]
[Round "11"]
[White "Hill, Jonathan"]
[Black "Lhundrup M Dorji"]
[Result "0-1"]
[Board "308"]
[WhiteFideId "10700390"]
[BlackFideId "17500664"]
[WhiteElo "1756"]
[BlackElo "1715"]
[WhiteTeam "Guernsey"]
[BlackTeam "Bhutan"]
[WhiteClock "0:06:25"]
[BlackClock "0:52:33"]
[Variant "Standard"]

1. d4 {[%clk 1:30:56]}  Nf6 {[%clk 1:30:31]} 2. Nf3 {[%clk 1:31:09]}  e6 {[%clk 1:30:46]} 3. Bf4 {[%clk 1:31:15]}  c5 {[%clk 1:31:13]} 4. e3 {[%clk 1:31:31]}  Nc6 {[%clk 1:31:36]} 5. c3 {[%clk 1:30:02]}  d5 {[%clk 1:31:59]} 6. Nbd2 {[%clk 1:29:32]}  Bd6 {[%clk 1:31:21]} 7. Bg3 {[%clk 1:28:43]}  O-O {[%clk 1:31:47]} 8. dxc5 {[%clk 1:27:31]}  Bxc5 {[%clk 1:31:42]} 9. Bd3 {[%clk 1:27:23]}  Re8 {[%clk 1:31:40]} 10. O-O {[%clk 1:27:32]}  e5 {[%clk 1:31:46]} 11. Bc2 {[%clk 1:24:41]}  Bg4 {[%clk 1:31:57]} 12. Qb1 {[%clk 1:22:58]}  d4 {[%clk 1:26:53]} 13. exd4 {[%clk 1:10:26]}  exd4 {[%clk 1:27:21]} 14. b4 {[%clk 1:03:05]}  dxc3 {[%clk 1:25:27]} 15. bxc5 {[%clk 0:55:02]}  cxd2 {[%clk 1:25:55]} 16. Qxb7 {[%clk 0:46:19]}  Na5 {[%clk 1:12:07]} 17. Qb4 {[%clk 0:43:55]}  Bxf3 {[%clk 1:11:23]} 18. gxf3 {[%clk 0:43:54]}  Nc6 {[%clk 1:11:02]} 19. Qc3 {[%clk 0:38:56]}  Qd4 {[%clk 1:05:49]} 20. Qxd4 {[%clk 0:30:46]}  Nxd4 {[%clk 1:06:17]} 21. Be4 {[%clk 0:22:18]}  Nxe4 {[%clk 1:06:02]} 22. fxe4 {[%clk 0:22:14]}  Rxe4 {[%clk 1:06:30]} 23. Kg2 {[%clk 0:22:02]}  Ne2 {[%clk 1:05:43]} 24. Rad1 {[%clk 0:19:15]}  Rd4 {[%clk 1:06:10]} 25. Be5 {[%clk 0:17:59]}  Rd5 {[%clk 1:06:27]} 26. Ba1 {[%clk 0:17:04]}  Rc8 {[%clk 1:01:16]} 27. Kf3 {[%clk 0:16:02]}  Nc1 {[%clk 0:58:58]} 28. Rxd2 {[%clk 0:08:53]}  Rxd2 {[%clk 0:57:20]} 29. Rxc1 {[%clk 0:09:16]}  Rxa2 {[%clk 0:56:52]} 30. Bd4 {[%clk 0:08:22]}  Ra6 {[%clk 0:56:20]} 31. Ke4 {[%clk 0:08:41]}  g6 {[%clk 0:53:30]} 32. Rb1 {[%clk 0:07:42]}  f5+ {[%clk 0:52:57]} 33. Kd5 {[%clk 0:06:22]}  Rd8+ {[%clk 0:52:13]} 34. Kc4 {[%clk 0:06:25]}  Ra4+ {[%clk 0:52:33]} 0-1

[Event "45th FIDE Chess Olympiad Open"]
[Site "Budapest, Hungary"]
[Date "2024.09.22"]
[Round "11"]
[White "Bodin-Hullin, Thomas"]
[Black "Mathurin, Nathaniel"]
[Result "1/2-1/2"]
[Board "309"]
[WhiteFideId "681407"]
[BlackFideId "23000139"]
[WhiteElo "1855"]
[BlackElo "1982"]
[WhiteTeam "Senegal"]
[BlackTeam "Saint Lucia"]
[WhiteClock "0:13:36"]
[BlackClock "0:19:37"]
[Variant "Standard"]

1. e4 {[%clk 1:30:58]}  c5 {[%clk 1:30:31]} 2. Nf3 {[%clk 1:31:24]}  d6 {[%clk 1:30:40]} 3. d4 {[%clk 1:31:50]}  Nf6 {[%clk 1:31:04]} 4. Nc3 {[%clk 1:32:00]}  cxd4 {[%clk 1:31:27]} 5. Nxd4 {[%clk 1:32:26]}  a6 {[%clk 1:31:38]} 6. f3 {[%clk 1:32:53]}  e5 {[%clk 1:31:54]} 7. Nb3 {[%clk 1:33:19]}  Be6 {[%clk 1:32:04]} 8. Be3 {[%clk 1:33:43]}  Be7 {[%clk 1:27:02]} 9. Qd2 {[%clk 1:34:05]}  h5 {[%clk 1:27:29]} 10. O-O-O {[%clk 1:34:17]}  Nbd7 {[%clk 1:27:56]} 11. Kb1 {[%clk 1:28:23]}  Qc7 {[%clk 1:24:41]} 12. Nd5 {[%clk 1:16:49]}  Bxd5 {[%clk 1:17:37]} 13. exd5 {[%clk 1:17:14]}  Nb6 {[%clk 1:17:49]} 14. Bxb6 {[%clk 1:08:23]}  Qxb6 {[%clk 1:18:17]} 15. c4 {[%clk 1:08:47]}  a5 {[%clk 1:05:59]} 16. c5 {[%clk 0:42:16]}  dxc5 {[%clk 1:04:27]} 17. d6 {[%clk 0:42:10]}  Bd8 {[%clk 1:03:43]} 18. d7+ {[%clk 0:37:17]}  Kf8 {[%clk 1:04:01]} 19. Qc3 {[%clk 0:32:34]}  Qc7 {[%clk 1:03:43]} 20. a4 {[%clk 0:29:49]}  Nxd7 {[%clk 0:41:08]} 21. Bb5 {[%clk 0:30:15]}  Nf6 {[%clk 0:41:22]} 22. Rhe1 {[%clk 0:26:28]}  Be7 {[%clk 0:31:17]} 23. Rxe5 {[%clk 0:25:14]}  b6 {[%clk 0:29:34]} 24. Re2 {[%clk 0:18:27]}  Rh6 {[%clk 0:26:00]} 25. Qc4 {[%clk 0:15:16]}  Rd8 {[%clk 0:25:08]} 26. Rde1 {[%clk 0:08:55]}  Ng8 {[%clk 0:22:43]} 27. g3 {[%clk 0:07:17]}  Rhd6 {[%clk 0:22:38]} 28. Qc2 {[%clk 0:05:52]}  g6 {[%clk 0:23:00]} 29. Nd2 {[%clk 0:05:50]}  Kg7 {[%clk 0:18:20]} 30. Nc4 {[%clk 0:05:02]}  Rd5 {[%clk 0:16:35]} 31. f4 {[%clk 0:04:58]}  Bf6 {[%clk 0:16:58]} 32. Ne5 {[%clk 0:03:06]}  Nh6 {[%clk 0:14:45]} 33. Bc4 {[%clk 0:02:40]}  R5d6 {[%clk 0:07:46]} 34. h3 {[%clk 0:02:25]}  Bxe5 {[%clk 0:03:56]} 35. fxe5 {[%clk 0:02:35]}  Rd4 {[%clk 0:03:15]} 36. e6 {[%clk 0:02:19]}  Re8 {[%clk 0:03:03]} 37. e7 {[%clk 0:01:39]}  Nf5 {[%clk 0:03:12]} 38. Qb3 {[%clk 0:00:43]}  Rxe7 {[%clk 0:01:46]} 39. Rxe7 {[%clk 0:01:05]}  Nxe7 {[%clk 0:02:12]} 40. Bxf7 {[%clk 0:01:14]}  Qd7 {[%clk 0:00:57]} 41. Be6 {[%clk 0:21:43]}  Qc6 {[%clk 0:25:12]} 42. g4 {[%clk 0:13:36]}  Re4 {[%clk 0:19:37]} 43. Qc3+ {[%clk 0:13:36]} 1/2-1/2

[Event "45th FIDE Chess Olympiad Open"]
[Site "Budapest, Hungary"]
[Date "2024.09.22"]
[Round "11"]
[White "James, Justin"]
[Black "Lesbros, Bernard"]
[Result "0-1"]
[Board "310"]
[WhiteFideId "23000422"]
[BlackFideId "614831"]
[WhiteElo "1745"]
[BlackElo "1938"]
[WhiteTeam "Saint Lucia"]
[BlackTeam "Senegal"]
[WhiteClock "0:02:38"]
[BlackClock "0:02:13"]
[Variant "Standard"]

1. e4 {[%clk 1:30:32]}  c5 {[%clk 1:30:48]} 2. Nf3 {[%clk 1:30:56]}  a6 {[%clk 1:31:00]} 3. d4 {[%clk 1:30:53]}  cxd4 {[%clk 1:31:23]} 4. Nxd4 {[%clk 1:31:15]}  Nf6 {[%clk 1:31:44]} 5. Nc3 {[%clk 1:31:39]}  e5 {[%clk 1:31:58]} 6. Nf3 {[%clk 1:25:21]}  Bb4 {[%clk 1:32:06]} 7. Bd2 {[%clk 1:19:16]}  Nc6 {[%clk 1:24:01]} 8. Qe2 {[%clk 1:17:54]}  d6 {[%clk 1:21:21]} 9. h3 {[%clk 1:18:10]}  O-O {[%clk 1:19:44]} 10. O-O-O {[%clk 1:17:42]}  Be6 {[%clk 1:13:46]} 11. Kb1 {[%clk 1:13:24]}  Rc8 {[%clk 1:07:54]} 12. a3 {[%clk 1:05:53]}  Bc5 {[%clk 1:01:53]} 13. Be3 {[%clk 1:01:36]}  Qa5 {[%clk 0:49:27]} 14. Bxc5 {[%clk 0:54:22]}  Qxc5 {[%clk 0:48:30]} 15. Qd2 {[%clk 0:46:58]}  Rfd8 {[%clk 0:47:26]} 16. Ng5 {[%clk 0:35:38]}  Nd4 {[%clk 0:45:24]} 17. Nxe6 {[%clk 0:32:14]}  Nxe6 {[%clk 0:45:20]} 18. g3 {[%clk 0:31:24]}  b5 {[%clk 0:45:02]} 19. Bd3 {[%clk 0:23:55]}  Rb8 {[%clk 0:39:08]} 20. b4 {[%clk 0:20:59]}  Qd4 {[%clk 0:33:57]} 21. f3 {[%clk 0:16:42]}  Nc7 {[%clk 0:25:20]} 22. g4 {[%clk 0:13:50]}  a5 {[%clk 0:24:08]} 23. Ne2 {[%clk 0:13:49]}  Qa7 {[%clk 0:22:00]} 24. Kb2 {[%clk 0:14:00]}  Nd7 {[%clk 0:20:35]} 25. c3 {[%clk 0:10:02]}  Nb6 {[%clk 0:19:16]} 26. Ra1 {[%clk 0:08:56]}  d5 {[%clk 0:17:13]} 27. Qc2 {[%clk 0:08:01]}  dxe4 {[%clk 0:16:56]} 28. fxe4 {[%clk 0:07:36]}  Rd6 {[%clk 0:15:24]} 29. Ng3 {[%clk 0:06:57]}  Rbd8 {[%clk 0:14:10]} 30. Rhd1 {[%clk 0:06:22]}  g6 {[%clk 0:14:09]} 31. Be2 {[%clk 0:05:13]}  Na4+ {[%clk 0:12:12]} 32. Kb3 {[%clk 0:04:50]}  Qe3 {[%clk 0:10:47]} 33. Nf1 {[%clk 0:04:00]}  Qxh3 {[%clk 0:08:27]} 34. Rxd6 {[%clk 0:04:12]}  Rxd6 {[%clk 0:08:49]} 35. Nd2 {[%clk 0:02:22]}  Rc6 {[%clk 0:07:41]} 36. Nb1 {[%clk 0:02:50]}  axb4 {[%clk 0:05:25]} 37. axb4 {[%clk 0:03:00]}  Ne6 {[%clk 0:04:43]} 38. Qd3 {[%clk 0:03:11]}  Nec5+ {[%clk 0:04:16]} 39. bxc5 {[%clk 0:02:36]}  Nxc5+ {[%clk 0:04:33]} 40. Kc2 {[%clk 0:03:04]}  Nxd3 {[%clk 0:04:43]} 41. Bxd3 {[%clk 0:03:28]}  b4 {[%clk 0:03:28]} 42. c4 {[%clk 0:03:17]}  Rd6 {[%clk 0:02:25]} 43. Be2 {[%clk 0:02:38]}  Qg2 {[%clk 0:02:13]} 0-1

[Event "45th FIDE Chess Olympiad Open"]
[Site "Budapest, Hungary"]
[Date "2024.09.22"]
[Round "11"]
[White "Marochkina, Nadezhda Valerevna"]
[Black "Elizee, Kaieem"]
[Result "0-1"]
[Board "311"]
[WhiteFideId "19900490"]
[BlackFideId "23000392"]
[WhiteElo "1792"]
[BlackElo "1701"]
[WhiteTeam "Senegal"]
[BlackTeam "Saint Lucia"]
[WhiteClock "0:29:01"]
[BlackClock "0:25:58"]
[Variant "Standard"]

1. d4 {[%clk 1:30:48]}  Nf6 {[%clk 1:30:52]} 2. c4 {[%clk 1:31:10]}  e6 {[%clk 1:31:15]} 3. Nc3 {[%clk 1:31:10]}  d5 {[%clk 1:31:25]} 4. Nf3 {[%clk 1:31:00]}  Be7 {[%clk 1:30:41]} 5. g3 {[%clk 1:30:49]}  O-O {[%clk 1:28:10]} 6. Bg2 {[%clk 1:30:55]}  dxc4 {[%clk 1:28:03]} 7. Ne5 {[%clk 1:31:05]}  c5 {[%clk 1:27:52]} 8. e3 {[%clk 1:18:25]}  cxd4 {[%clk 1:23:59]} 9. exd4 {[%clk 1:18:32]}  Nbd7 {[%clk 1:24:04]} 10. Nxc4 {[%clk 1:18:06]}  Nb6 {[%clk 1:23:50]} 11. Ne3 {[%clk 1:13:06]}  Rb8 {[%clk 1:20:23]} 12. O-O {[%clk 1:10:48]}  Bd7 {[%clk 1:18:37]} 13. a3 {[%clk 1:06:53]}  Qc7 {[%clk 1:17:07]} 14. d5 {[%clk 1:02:16]}  exd5 {[%clk 1:16:49]} 15. Nexd5 {[%clk 1:02:15]}  Nbxd5 {[%clk 1:17:02]} 16. Bxd5 {[%clk 0:57:32]}  Rbd8 {[%clk 1:10:05]} 17. Bf4 {[%clk 0:57:32]}  Qb6 {[%clk 1:10:05]} 18. Qe2 {[%clk 0:44:15]}  Bc5 {[%clk 1:02:11]} 19. Bg2 {[%clk 0:41:03]}  Bc6 {[%clk 0:50:44]} 20. Bxc6 {[%clk 0:32:28]}  Qxc6 {[%clk 0:50:29]} 21. Qc2 {[%clk 0:31:41]}  Bb6 {[%clk 0:50:29]} 22. Rad1 {[%clk 0:29:33]}  h6 {[%clk 0:50:22]} 23. Qe2 {[%clk 0:27:26]}  Rfe8 {[%clk 0:48:00]} 24. Rxd8 {[%clk 0:27:26]}  Rxd8 {[%clk 0:48:00]} 25. Rd1 {[%clk 0:20:53]}  Re8 {[%clk 0:48:11]} 26. Be3 {[%clk 0:20:53]}  Bxe3 {[%clk 0:43:23]} 27. fxe3 {[%clk 0:00:00]}  h5 {[%clk 0:43:23]} 28. Rd3 {[%clk 0:00:00]}  Ng4 {[%clk 0:34:41]} 29. h3 {[%clk 0:15:37]}  Ne5 {[%clk 0:32:00]} 30. Rd5 {[%clk 0:14:57]}  Qg6 {[%clk 0:28:13]} 31. Kf2 {[%clk 0:11:44]}  h4 {[%clk 0:23:21]} 32. g4 {[%clk 0:08:51]}  f5 {[%clk 0:16:07]} 33. Qb5 {[%clk 0:06:44]}  Qe6 {[%clk 0:15:00]} 34. g5 {[%clk 0:05:03]}  Nf7 {[%clk 0:12:27]} 35. Qd3 {[%clk 0:02:43]}  Nxg5 {[%clk 0:10:20]} 36. Rxf5 {[%clk 0:02:23]}  Nf7 {[%clk 0:08:46]} 37. e4 {[%clk 0:02:07]}  Qb6+ {[%clk 0:07:27]} 38. Kf3 {[%clk 0:02:14]}  Ne5+ {[%clk 0:07:18]} 39. Rxe5 {[%clk 0:02:17]}  Rxe5 {[%clk 0:07:37]} 40. Nd5 {[%clk 0:01:53]}  Qg1 {[%clk 0:01:10]} 41. Ne3 {[%clk 0:29:58]}  Qg3+ {[%clk 0:28:33]} 42. Ke2 {[%clk 0:30:21]}  Qh2+ {[%clk 0:27:58]} 43. Kf3 {[%clk 0:29:40]}  Qxh3+ {[%clk 0:28:14]} 44. Ke2 {[%clk 0:29:58]}  Qh2+ {[%clk 0:25:49]} 45. Ke1 {[%clk 0:30:04]}  Qg3+ {[%clk 0:26:01]} 46. Kd2 {[%clk 0:30:25]}  h3 {[%clk 0:26:09]} 47. Qd4 {[%clk 0:29:27]}  h2 {[%clk 0:25:52]} 48. Nf5 {[%clk 0:29:31]}  Rxf5 {[%clk 0:26:02]} 49. exf5 {[%clk 0:29:01]}  h1=Q {[%clk 0:25:58]} 0-1

[Event "45th FIDE Chess Olympiad Open"]
[Site "Budapest, Hungary"]
[Date "2024.09.22"]
[Round "11"]
[White "Daniel, Cyrus"]
[Black "Cisse, Amadou Lamine"]
[Result "1/2-1/2"]
[Board "312"]
[WhiteFideId "23000228"]
[BlackFideId "19900228"]
[WhiteElo "1759"]
[BlackElo "1948"]
[WhiteTeam "Saint Lucia"]
[BlackTeam "Senegal"]
[WhiteClock "0:25:43"]
[BlackClock "0:10:37"]
[Variant "Standard"]

1. e4 {[%clk 1:30:57]}  d6 {[%clk 1:30:53]} 2. d4 {[%clk 1:31:04]}  Nf6 {[%clk 1:31:12]} 3. Nc3 {[%clk 1:31:15]}  c5 {[%clk 1:31:16]} 4. dxc5 {[%clk 1:31:18]}  Qa5 {[%clk 1:31:38]} 5. Bd3 {[%clk 1:27:32]}  Qxc5 {[%clk 1:31:29]} 6. Be3 {[%clk 1:27:25]}  Qa5 {[%clk 1:31:29]} 7. Nge2 {[%clk 1:27:28]}  Nc6 {[%clk 1:31:27]} 8. O-O {[%clk 1:27:14]}  g6 {[%clk 1:28:43]} 9. f3 {[%clk 1:24:54]}  Bg7 {[%clk 1:29:02]} 10. Qd2 {[%clk 1:24:08]}  O-O {[%clk 1:28:40]} 11. Bc4 {[%clk 1:24:06]}  a6 {[%clk 1:21:38]} 12. Bb3 {[%clk 1:22:44]}  b5 {[%clk 1:15:41]} 13. a3 {[%clk 1:20:50]}  Ne5 {[%clk 1:15:19]} 14. Nd5 {[%clk 1:19:31]}  Qd8 {[%clk 1:14:05]} 15. Bb6 {[%clk 1:17:20]}  Qd7 {[%clk 1:13:59]} 16. Bd4 {[%clk 1:13:22]}  Nxd5 {[%clk 1:10:14]} 17. Bxd5 {[%clk 1:10:51]}  Rb8 {[%clk 1:07:14]} 18. f4 {[%clk 1:01:26]}  Ng4 {[%clk 1:05:13]} 19. Bxg7 {[%clk 1:01:28]}  Kxg7 {[%clk 1:05:38]} 20. Qd4+ {[%clk 1:01:34]}  e5 {[%clk 1:02:54]} 21. fxe5 {[%clk 0:58:47]}  dxe5 {[%clk 1:02:51]} 22. Qc5 {[%clk 0:57:24]}  Bb7 {[%clk 1:00:05]} 23. Rad1 {[%clk 0:55:29]}  Bxd5 {[%clk 0:59:46]} 24. Rxd5 {[%clk 0:55:28]}  Qc8 {[%clk 0:58:22]} 25. Nc3 {[%clk 0:48:30]}  Qb7 {[%clk 0:54:23]} 26. Kh1 {[%clk 0:40:38]}  Rbc8 {[%clk 0:53:50]} 27. Qg1 {[%clk 0:40:44]}  b4 {[%clk 0:51:43]} 28. axb4 {[%clk 0:36:38]}  Qxb4 {[%clk 0:50:25]} 29. h3 {[%clk 0:36:54]}  Nh6 {[%clk 0:46:32]} 30. Rxe5 {[%clk 0:36:19]}  Qxb2 {[%clk 0:46:37]} 31. Rc5 {[%clk 0:35:59]}  Qb4 {[%clk 0:44:26]} 32. Rxc8 {[%clk 0:35:59]}  Rxc8 {[%clk 0:44:26]} 33. Nd5 {[%clk 0:21:13]}  Qxe4 {[%clk 0:43:53]} 34. Ne3 {[%clk 0:21:05]}  Rc3 {[%clk 0:33:55]} 35. Re1 {[%clk 0:21:01]}  Nf5 {[%clk 0:32:03]} 36. Nxf5+ {[%clk 0:18:57]}  Qxf5 {[%clk 0:32:31]} 37. Qd4+ {[%clk 0:18:29]}  Qf6 {[%clk 0:32:59]} 38. Qa4 {[%clk 0:17:47]}  Qf2 {[%clk 0:32:44]} 39. Qa1 {[%clk 0:16:23]}  Qd2 {[%clk 0:26:59]} 40. Rf1 {[%clk 0:15:48]}  Kh6 {[%clk 0:20:10]} 41. Qxa6 {[%clk 0:14:57]}  Rxc2 {[%clk 0:20:13]} 42. Qa8 {[%clk 0:13:51]}  f5 {[%clk 0:16:19]} 43. Qf8+ {[%clk 0:12:19]}  Kg5 {[%clk 0:12:06]} 44. Qe7+ {[%clk 0:11:59]}  Kh6 {[%clk 0:11:56]} 45. Qf8+ {[%clk 0:12:09]}  Kh5 {[%clk 0:07:26]} 46. g4+ {[%clk 0:29:08]}  fxg4 {[%clk 0:26:12]} 47. hxg4+ {[%clk 0:28:33]}  Kxg4 {[%clk 0:13:41]} 48. Rg1+ {[%clk 0:24:15]}  Kh5 {[%clk 0:13:01]} 49. Qf3+ {[%clk 0:24:24]}  Kh6 {[%clk 0:12:16]} 50. Qf8+ {[%clk 0:24:46]}  Kh5 {[%clk 0:10:42]} 51. Qf3+ {[%clk 0:25:01]}  Kh6 {[%clk 0:10:30]} 52. Qf8+ {[%clk 0:25:19]}  Kh5 {[%clk 0:10:37]} 53. Qf3+ {[%clk 0:25:43]} 1/2-1/2